ÇANAKKALE SAVAŞINDA (Record no. 688780)
[ view plain ]
| 000 -LEADER | |
|---|---|
| sabit uzunluktaki kontrol alanı | 00247nam a2200097Ia 4500 |
| 001 - KONTROL NUMARASI | |
| kontrol alanı | 688780 |
| 005 - EN SON İŞLEMİN TARİH VE ZAMANI | |
| kontrol alanı | 20250826161621.0 |
| 008 - SABİT-UZUNLUKTA VERİ ÖĞELERİ--GENEL BİLGİ | |
| sabit uzunluktaki kontrol alanı | 250824s9999 xx 000 0 und d |
| 245 #0 - ESER / YAZAR | |
| ESER ADI | ÇANAKKALE SAVAŞINDA |
| Yazar Adı | MUSTAFA ORAKÇI |
| 260 ## - YAYIN, DAĞITIM, VB. | |
| YAYIN EVİ | TİMAŞ YAYINLARI |
| Düşüm durumu | Kayıp durumu | Hasar Durumu | Ödünç verilmez | Ana kütüphane | Geçerli Kütüphane | Edinilen tarih | Toplam ödünç verme sayısı | Barkod | Son görüntüleme tarihi | Son ödünç verme tarihi | Fiyatın geçerli olmaya başladığı tarih | Koha materyal türü |
|---|---|---|---|---|---|---|---|---|---|---|---|---|
| KEMAL AKPINAR İMAM HATİP ORTAOKULU | KEMAL AKPINAR İMAM HATİP ORTAOKULU | 24.08.2025 | 1 | 10281854 | 18.12.2025 | 11.12.2025 | 26.08.2025 | Books |